| 000 | 00833nam a2200241Ia 4500 | ||
|---|---|---|---|
| 003 | GCL | ||
| 008 | 140319s9999 xx 000 0 ara d | ||
| 040 |
_aGCL / _cGCL |
||
| 082 | 0 | 4 |
_a344.01 _bس ح |
| 100 | 1 | _aالسيد على السيد | |
| 245 | 1 | 0 |
_aالحصة بالعمل بين الفقه الاسلامى والقانون الوضعى / _cالسيد على السيد |
| 700 | 1 | _aمحمد توفيق عويضة (اشراف) | |
| 260 |
_a[S.N] : _bالمجلس الاعلى للشئون الاسلامية ، _c1972 |
||
| 300 | _a387 ص | ||
| 490 | _a | ||
| 650 | 0 | 4 | _aالعمل والعمال |
| 650 | 0 | 4 | _aالفقه الاسلامى |
| 650 | 0 | 4 | _aقوانين وتشريعات |
| 650 | 0 | 4 | _aالعمل |
| 650 | 0 | 4 | _aالعمل وراس المال |
| 650 | 0 | 4 | _aالقانون الوضعى |
| 942 |
_2ddc _cBK |
||
| 999 |
_c54371 _d54371 |
||